[Event "40th TCh-GRE 2012"]
[Site "Achaea GRE"]
[Date "2012.06.30"]
[Round "1.7"]
[White "Zahariev,Z"]
[Black "Papastavropoulos,A"]
[Result "1/2-1/2"]
[WhiteElo "2398"]
[BlackElo "2244"]

1.e4 c5 2.Nf3 Nc6 3.Bb5 Qc7 4.O-O d6 5.Re1 Bg4 6.h3 Bh5 7.d3 e6 8.Nbd2 Nf6
9.Nf1 O-O-O 10.Bxc6 Qxc6 11.Ng3 Bg6 12.b3 h5 13.Bg5 Be7 14.e5 Ng8 15.exd6 Bxg5
16.Nxg5 Qxd6 17.N3e4 Qe7 18.Qd2 Nf6 19.Qc3 b6 20.Nxf6 gxf6 21.Ne4 Rd4 22.a3 Kb8
23.b4 Bxe4 24.dxe4 Rhd8 25.b5 Qd6 26.Qf3 Qe5 27.a4 Rb4 28.c3 Rb2 29.Rad1 Rbd2
30.Rxd2 Rxd2 31.Rd1 Rxd1+ 32.Qxd1 Kc7 33.Qd3 Qg5 34.g3 Qc1+ 35.Kg2 Qa3 36.e5 fxe5
37.Qe4 Qxc3 38.Qc6+ Kd8 39.Qa8+ Ke7 40.Qxa7+ Kf6 41.Qxb6 Qd4 42.Qc6 e4 43.b6 Qb4
44.b7 e3 45.fxe3 Qd2+ 46.Kh1 Qb4 47.h4 c4 48.Kh2 c3 49.Qc8 c2 50.Qxc2 Qxb7
51.a5 Qa6 52.Qd2 e5 53.e4 Qb5 54.a6 Qa4 55.Qd6+ Kg7 56.Qxe5+ f6 57.Qxh5 Qxa6
58.Qg4+ Kh7 59.h5 Qa2+ 60.Kh3 Qa1 61.Qf3 Kh6 62.Kh4 Qb2 63.Qf4+ Kg7 64.Qg4+ Kh7
65.Qf5+ Kg7 66.Qg6+ Kh8 67.Qe8+ Kg7 68.Qe7+ Kh6 69.Qf8+ Kh7 70.Kh3 Qf2 71.Qf7+ Kh8
72.Qe8+ Kg7 73.Qd7+ Kh6 74.Qf5 Qxf5+ 75.exf5 Kxh5 76.g4+ Kh6 77.Kg3 Kg7 78.Kf3 Kf7
79.Ke3 Ke7 80.Ke4 Kd6 81.Ke3 Ke7 82.Kd4 Kd6 83.Kd3 Kd7 84.Kd4 Kc6 85.Kd3 Kd5
86.Ke3 Kd6 87.Kf2 Ke7 88.Kg2 Kf7 89.Kg3 Kg7 90.Kf3 Kf7 91.Kf2 Ke7 92.Ke1 Kd6
93.Kd2 Kd5 94.Ke3 Kd6  1/2-1/2

[Event "40th TCh-GRE 2012"]
[Site "Achaea GRE"]
[Date "2012.06.30"]
[Round "1.6"]
[White "Douni,M"]
[Black "Dalipis,Nikolaos"]
[Result "0-1"]
[WhiteElo "1574"]
[BlackElo "1544"]

1.e4 c5 2.Nf3 Nc6 3.Bb5 d6 4.Bxc6+ bxc6 5.d3 e6 6.O-O Nf6 7.Nbd2 Be7 8.Nb3 O-O
9.Re1 d5 10.Bf4 Bb7 11.h3 c4 12.dxc4 Nxe4 13.Rc1 Rc8 14.a3 Ba6 15.Nbd2 Nxd2
16.Nxd2 Bxc4 17.Nxc4 dxc4 18.Re4 c3 19.bxc3 Bxa3 20.Qxd8 Rfxd8 21.Ra1 Bc5
22.Rc4 Bb6 23.Kf1 Rd5 24.Be3 Bxe3 25.fxe3 a5 26.Rb1 Kf8 27.Rb6 Rd2 28.Ra6 Rxc2
29.Rxa5 Rd2 30.e4 Rb8 31.Ra1 Rbb2 32.Rxc6 Rf2+ 33.Ke1 Rxg2 34.Kf1 Rbf2+ 35.Ke1 Rg1+
36.Kxf2 Rxa1 37.c4 Rc1 38.Ke2 Rc3 39.Kd2 Rxh3 40.c5 Ke7 41.Rd6 Ra3 42.e5 f6
43.c6 Ra7 44.Rd4 fxe5 45.Rh4 h6 46.Rg4 Kd6 47.Re4 Kxc6 48.Rxe5 Kd6 49.Rh5 Rf7
50.Ke3 e5 51.Ke2 Ke6 52.Ke3 Rf5 53.Rh2 h5 54.Rh4 Kf6 55.Rh1 g6 56.Rh2 Rf4
57.Rh1 h4 58.Rh2 g5  0-1

[Event "40th TCh-GRE 2012"]
[Site "Achaea GRE"]
[Date "2012.06.30"]
[Round "1.12"]
[White "Svetushkin,D"]
[Black "Vafiadis,K"]
[Result "1-0"]
[WhiteElo "2597"]
[BlackElo "2299"]

1.e4 c5 2.Nf3 Nc6 3.Bb5 g6 4.Bxc6 bxc6 5.O-O Bg7 6.c3 d5 7.d3 Nf6 8.e5 Nd7
9.Re1 O-O 10.Bf4 Qb6 11.Qc1 Ba6 12.c4 Rfe8 13.b3 Nf8 14.Nc3 Ne6 15.Bh6 Rad8
16.Na4 Qa5 17.Bd2 Qc7 18.Bc3 dxc4 19.dxc4 Nd4 20.Qd1 Ne6 21.Qe2 Bh6 22.Rad1 Bc8
23.g3 Rxd1 24.Rxd1 Rd8 25.Kg2 Rd7 26.Nb2 Qd8 27.Rxd7 Qxd7 28.Qd3 g5 29.Qxd7 Bxd7
30.h3 Kg7 31.Na4 Kg6 32.Ne1 Bg7 33.Nd3 Bc8 34.Naxc5 Nxc5 35.Nxc5 h5 36.f3 g4
37.hxg4 hxg4 38.f4 Bf5 39.Kf2 e6 40.Ke3 Bb1 41.Kd2 Bf8 42.Nb7 Kg7 43.a4 c5
44.Bb2 Be4 45.Nd6 Bc6 46.Ba3 Bxd6 47.exd6 a6 48.Bxc5 f6 49.b4  1-0

[Event "Perla Baltyku Open 2012"]
[Site "Lazy POL"]
[Date "2012.06.30"]
[Round "1.18"]
[White "Jarmula,P"]
[Black "Karwowski,K"]
[Result "1/2-1/2"]
[WhiteElo "2157"]
[BlackElo "1833"]

1.e4 c5 2.Nf3 Nc6 3.Bb5 d6 4.O-O Bd7 5.Re1 a6 6.Bf1 g6 7.c3 Bg7 8.h3 e5 9.a4 Nge7
10.Na3 Qc7 11.Nc2 O-O 12.d4 cxd4 13.cxd4 f5 14.d5 Nb8 15.Bg5 Bf6 16.Bxf6 Rxf6
17.Na3 fxe4 18.Ng5 Bf5 19.Nc4 h6 20.Nxe4 Bxe4 21.Rxe4 Nd7 22.Rc1 Rc8 23.Rc3 Nc5
24.Re1 b5 25.axb5 axb5 26.Ne3 Rf4 27.g3 Rd4 28.Qb1 b4 29.Rcc1 Kg7 30.Red1 Rxd1
31.Rxd1 Nb3 32.Qe4 Nd4 33.Nc4 Rf8 34.Kg2 Kh7 35.f4 Qc5 36.fxe5 Nb5 37.Qe3 Qc7
38.Qb6 Qxb6 39.Nxb6 Nf5 40.Re1 Nbd4 41.Bd3 dxe5 42.Rxe5 Nxg3 43.Bxg6+ Kxg6
44.Kxg3 Rf3+ 45.Kg2 Rd3 46.Nc4 Nf5 47.Re6+ Kg5 48.d6 Kf4 49.Kf2 b3 50.Rg6 h5
51.Ke2 Rd4 52.Nd2 Rxd6 53.Rxd6  1/2-1/2

[Event "XXI Adolf Anderssen Mem Prelim"]
[Site "Wroclaw POL"]
[Date "2012.06.30"]
[Round "1"]
[White "Jaracz,P"]
[Black "Widera,J"]
[Result "1-0"]
[WhiteElo "2514"]
[BlackElo "2026"]

1.e4 c5 2.Nf3 Nc6 3.Bb5 g6 4.Bxc6 dxc6 5.d3 Bg7 6.h3 Nf6 7.Nc3 O-O 8.Bf4 b6
9.Qd2 Re8 10.Bh6 Bh8 11.O-O-O e5 12.g4 a5 13.Ng5 Qc7 14.Rhf1 Nd7 15.f4 f6
16.Nf3 a4 17.f5 b5 18.Ne2 b4 19.Kb1 b3 20.cxb3 axb3 21.a3 Ba6 22.Qc3 Rab8
23.g5 Qd6 24.Rg1 Nf8 25.gxf6 Bxf6 26.Be3 Nd7 27.fxg6 hxg6 28.Rxg6+ Kf7 29.Rh6 Rh8
30.Ng5+ Ke7 31.Ng3 Kd8 32.Rxh8+ Bxh8 33.Nf7+  1-0

[Event "XXI Adolf Anderssen Mem Prelim"]
[Site "Wroclaw POL"]
[Date "2012.06.30"]
[Round "3"]
[White "Jaracz,P"]
[Black "Dobrowolski,A"]
[Result "1-0"]
[WhiteElo "2514"]
[BlackElo "2321"]

1.e4 c5 2.Nf3 Nc6 3.Bb5 g6 4.Bxc6 dxc6 5.d3 Bg7 6.h3 Nf6 7.Nc3 Nd7 8.Be3 e5
9.Qd2 h6 10.Ng1 Qe7 11.Nge2 Nf8 12.f4 exf4 13.Nxf4 Ne6 14.O-O-O Nd4 15.Rde1 Be5
16.Nd1 g5 17.Nh5 Be6 18.Kb1 O-O-O 19.Bf2 Qc7 20.Re3 f6 21.Bg3 Qf7 22.Bxe5 fxe5
23.Ng3 Bxa2+ 24.Kc1 Bb3 25.c3 Ne6 26.c4 Nd4 27.Nf5 Bxc4 28.Nxd4 Rxd4 29.Rf3 Qd7
30.Nf2 Rd8 31.Rd1 Bb3 32.Re1 c4 33.Qa5 cxd3 34.Kd2 Rc4 35.Rxd3 Rc2+ 36.Ke3  1-0

[Event "XXI Adolf Anderssen Mem Prelim"]
[Site "Wroclaw POL"]
[Date "2012.06.30"]
[Round "7"]
[White "Jaracz,P"]
[Black "Goluch,P"]
[Result "1-0"]
[WhiteElo "2514"]
[BlackElo "2246"]

1.e4 c5 2.Nf3 Nc6 3.Bb5 e6 4.Bxc6 bxc6 5.d3 d6 6.O-O e5 7.c3 Nf6 8.Nbd2 Be7
9.d4 cxd4 10.cxd4 exd4 11.Nxd4 Bd7 12.Qf3 Qb6 13.Nf5 Bxf5 14.Qxf5 g6 15.Qf3 Nd7
16.Nc4 Qb5 17.b3 Ne5 18.Nxd6+ Bxd6 19.Qf6 Kd7 20.Rd1 Nd3 21.Qd4 Qe5 22.Rxd3 Qxh2+
23.Kf1 Kc7 24.Bg5 Qe5 25.Rc1 f6 26.Bxf6 Qxd4 27.Rxd4 Rhf8 28.e5 Ba3 29.Rcd1 Rf7
30.Bd8+ Kc8 31.e6 Rb7 32.Ba5 Rb5 33.Rd8+ Kb7 34.R1d7+  1-0

[Event "40th TCh-GRE 2012"]
[Site "Achaea GRE"]
[Date "2012.07.01"]
[Round "3.14"]
[White "Manelidou,M"]
[Black "Gocheva,R"]
[Result "0-1"]
[WhiteElo "2054"]
[BlackElo "2154"]

1.e4 c5 2.Nf3 Nc6 3.Bb5 Nf6 4.Nc3 g6 5.Bxc6 dxc6 6.O-O Bg7 7.d3 O-O 8.Be3 b6
9.h3 e5 10.Qd2 Qd6 11.Ne2 c4 12.Rfd1 cxd3 13.cxd3 c5 14.Bh6 Ba6 15.Bxg7 Kxg7
16.Qc3 Rfe8 17.Qa3 Bb7 18.Rac1 a5 19.d4 exd4 20.Nexd4 Qf4 21.e5 Nh5 22.Ne2 Qf5
23.Ng3 Nxg3 24.fxg3 Bxf3 25.Qxf3 Qxf3 26.gxf3 Rxe5 27.Kf2 Rae8 28.Rc2 a4
29.Rd6 R8e6 30.Rxe6 fxe6 31.f4 Rd5 32.Ke2 Kf6 33.Rc3 g5 34.Rf3 b5 35.fxg5+ Kxg5
36.Rf7 h5 37.Rb7 c4 38.Rb6 Kf6 39.Kf3 Rc5 40.Rb8 a3  0-1

[Event "40th TCh-GRE 2012"]
[Site "Achaea GRE"]
[Date "2012.07.01"]
[Round "3.3"]
[White "Kryvoruchko,Y"]
[Black "Macieja,B"]
[Result "1-0"]
[WhiteElo "2676"]
[BlackElo "2614"]

1.e4 c5 2.Nf3 Nc6 3.Bb5 g6 4.Bxc6 bxc6 5.O-O Bg7 6.Re1 Nh6 7.c3 O-O 8.d4 cxd4
9.cxd4 f6 10.Nc3 d6 11.h3 Nf7 12.Be3 Rb8 13.Qd2 a5 14.Rac1 Qb6 15.b3 Qa6
16.Red1 Bd7 17.Ne1 Rfc8 18.Nd3 Nd8 19.f4 f5 20.e5 Be6 21.Bf2 Bf7 22.Re1 Ne6
23.Rcd1 Rd8 24.Qe3 Nc7 25.Bh4 Rd7 26.Qf3 Re8 27.Kh2 Nd5 28.Na4 Nc7 29.Qf2 Qa7
30.Ndb2 Ne6 31.Nc4 Nc7 32.Nab6 Rdd8 33.exd6 exd6 34.Bxd8 Rxd8 35.Qh4 Qb8
36.Re7 Nd5 37.Nxd5 cxd5 38.Nxa5 Rc8 39.Rb7 Qa8 40.Qe7 Rf8 41.b4 Qa6 42.Rc1 Bh6
43.Qh4 Bg7 44.Qe7 Bh6 45.Rc8 Bxf4+ 46.g3 Bxg3+ 47.Kg2  1-0

[Event "20th Montcada Open"]
[Site "Montcada i Reixac ESP"]
[Date "2012.07.01"]
[Round "7.5"]
[White "Perez Mitjans,O"]
[Black "Cornette,M"]
[Result "1/2-1/2"]
[WhiteElo "2471"]
[BlackElo "2552"]

1.e4 c5 2.Nf3 Nc6 3.Bb5 g6 4.O-O Bg7 5.Bxc6 bxc6 6.e5 f6 7.Re1 fxe5 8.Nxe5 d6
9.Nf3 Bg4 10.h3 Bxf3 11.Qxf3 Qd7 12.Qb3 Nf6 13.Nc3 d5 14.Na4 Qd6 15.d4 cxd4
16.Qb7 Kf7 17.Bf4 Qd7 18.Qb4 Rhe8 19.Be5 Ne4 20.Qxd4 Bxe5 21.Qxe5 Qf5  1/2-1/2

[Event "NIKI Open 2012"]
[Site "Nachod CZE"]
[Date "2012.07.01"]
[Round "2.8"]
[White "Postupa,P1"]
[Black "Furman,Bo"]
[Result "0-1"]
[WhiteElo "2038"]
[BlackElo "2285"]

1.e4 c5 2.Nf3 Nc6 3.Bb5 g6 4.O-O Bg7 5.Re1 Nf6 6.Nc3 O-O 7.h3 d6 8.d3 h6
9.Bf4 e5 10.Bc1 Be6 11.Bxc6 bxc6 12.b3 Ne8 13.Bb2 f5 14.Nh2 f4 15.Ne2 h5
16.Kf1 g5 17.Ng1 Nf6 18.Ke2 g4 19.f3 Qb6 20.c4 gxh3 21.Nxh3 Bh6 22.Rg1 Kh7
23.Qe1 Qd8 24.Qf2 Rg8 25.Rh1 a5 26.Nf1 Ra7 27.Ng1 Rag7 28.Rh2 Rg3 29.Ke1 h4
30.Nd2 Nh5  0-1

[Event "1st CT Casino Marina del Sol"]
[Site "Talcahuano CHI"]
[Date "2012.07.01"]
[Round "7.3"]
[White "Riffo Paz,E"]
[Black "Salinas Herrera,P"]
[Result "0-1"]
[WhiteElo "2238"]
[BlackElo "2409"]

1.e4 c5 2.Nf3 Nc6 3.Bb5 e6 4.O-O Nge7 5.c3 a6 6.Ba4 d5 7.exd5 Qxd5 8.d4 Bd7
9.c4 Qh5 10.dxc5 Qxc5 11.Qe2 Ng6 12.Nc3 Be7 13.Rd1 Rd8 14.Be3 Qa5 15.a3 O-O
16.b4 Qc7 17.Rac1 Nb8 18.Bb3 Bc6 19.Nd5 exd5 20.cxd5 Bb5 21.Qa2 Qd6 22.a4 Bd7
23.Bc5 Qf4 24.Rc4 Qh6 25.Bb6 Bd6 26.Bxd8 Rxd8 27.b5 Nf4 28.Qd2 Bg4 29.Qe3 Nd7
30.Rdd4 g5 31.h4 Bxf3 32.Rxf4 gxf4 33.Qxf3 Ne5 34.Qxf4 Qxf4 35.Rxf4 axb5
36.axb5 Rc8 37.g3 Rc3 38.Ba4 Rc4 39.Rxc4 Nxc4 40.Kf1 Be5 41.Ke2 Nd6 42.f4  0-1

[Event "XXI Adolf Anderssen Mem KO"]
[Site "Wroclaw POL"]
[Date "2012.07.01"]
[Round "1.2"]
[White "Zmarzly,A"]
[Black "Toma,K"]
[Result "1-0"]
[WhiteElo "2049"]
[BlackElo "2303"]

1.e4 c5 2.Nf3 Nc6 3.Bb5 e6 4.Bxc6 bxc6 5.d3 Ne7 6.Qe2 Ng6 7.h4 h5 8.e5 f6
9.Qe4 Kf7 10.Nbd2 d5 11.exd6 Qxd6 12.Nc4 Qd5 13.Qe2 e5 14.Be3 Be7 15.O-O-O Bg4
16.Rde1 Rab8 17.b3 a5 18.a4 Bd8 19.Qd2 Rb4 20.Nh2 Be6 21.f4 exf4 22.Bxf4 Nxf4
23.Qxf4 Qd4 24.Nd6+ Kg6 25.Qxd4 Rxd4 26.Rxe6 Bc7 27.Ne4 Bf4+ 28.Kd1 c4 29.Nf3 Rd7
30.Ke2 cxd3+ 31.cxd3 Rb8 32.g3 Bc7 33.Nc5 Rd5 34.d4 Kf7 35.Rxc6 Bxg3 36.Kd3 Rb4
37.Ke4 Rd8 38.Rg1 Re8+ 39.Kd3 Bf4 40.Re1 Rd8 41.Re4 g5 42.Ree6 Kg8 43.Rxf6 Re8
44.Rg6+ Kh8 45.Rh6+ Kg7 46.Rhg6+ Kh8 47.Rce6 Rd8 48.hxg5 h4 49.Rh6+ Kg7 50.Re7+ Kg8  1-0

[Event "40th TCh-GRE 2012"]
[Site "Achaea GRE"]
[Date "2012.07.02"]
[Round "4.2"]
[White "Macieja,B"]
[Black "Papadopoulos,I"]
[Result "1/2-1/2"]
[WhiteElo "2614"]
[BlackElo "2417"]

1.e4 c5 2.Nf3 Nc6 3.Bb5 d6 4.O-O Bd7 5.c3 Nf6 6.Re1 a6 7.Ba4 c4 8.Bc2 Ng4
9.b3 b5 10.bxc4 bxc4 11.Na3 Nce5 12.Qe2 Rc8 13.Nd4 g5 14.h3 Nf6 15.d3 cxd3
16.Bxd3 Nxd3 17.Qxd3 Qa5 18.Nb3 Qxc3 19.Qxc3 Rxc3 20.Bxg5 Bg7 21.e5 dxe5
22.Rxe5 Be6 23.Rae1 O-O 24.Ra5 Bxb3 25.axb3 e6 26.Rxa6 Rxb3 27.Nc4 Nd5 28.Ne3 Nxe3
29.Bxe3 Rfb8 30.Kf1 Rb1 31.Rxb1 Rxb1+ 32.Ke2 h6  1/2-1/2

[Event "Perla Baltyku Open 2012"]
[Site "Lazy POL"]
[Date "2012.07.02"]
[Round "3.2"]
[White "Strzemiecki,Z"]
[Black "Mista,A"]
[Result "1-0"]
[WhiteElo "2416"]
[BlackElo "2538"]

1.e4 c5 2.Nf3 Nc6 3.Bb5 g6 4.Bxc6 dxc6 5.h3 Bg7 6.d3 Nf6 7.Nc3 Nd7 8.Be3 e5
9.Qd2 h6 10.O-O Qe7 11.Nh2 Nf8 12.f4 exf4 13.Bxf4 Ne6 14.Bg3 Nd4 15.Rae1 Be5
16.Bxe5 Qxe5 17.Nd5 Be6 18.Nf6+ Ke7 19.c3 Nb5 20.a4 Nc7 21.d4 Qg5 22.Qf2 Bxh3
23.d5 c4 24.e5 Kd8 25.Nf3 Qxg2+ 26.Qxg2 Bxg2 27.Kxg2 cxd5 28.Rd1 Ke7 29.Nxd5+ Nxd5
30.Rxd5 Rhd8 31.Rfd1 Rxd5 32.Rxd5 Rc8 33.Kg3 Rc6 34.Rb5 Rc7 35.Nd4 a6 36.Rb6 Rd7
37.Kf4 Rc7 38.Ke4 h5 39.Kf4 Rd7 40.e6 fxe6 41.Rxe6+ Kf7 42.Rb6 Kg7 43.Nf3 Rf7+
44.Kg3 Re7 45.Nh4 Re3+ 46.Kf4 Rh3 47.Nxg6  1-0

[Event "Mulhouse WIM 2012"]
[Site "Mulhouse FRA"]
[Date "2012.07.02"]
[Round "1.3"]
[White "Neuhauser,S"]
[Black "Lam,S"]
[Result "0-1"]
[WhiteElo "2067"]
[BlackElo "2066"]

1.e4 c5 2.Nf3 Nc6 3.Bb5 g6 4.Bxc6 dxc6 5.d3 Bg4 6.Be3 Bg7 7.Nbd2 b6 8.Qc1 Nf6
9.h3 Bxf3 10.Nxf3 O-O 11.Bh6 Re8 12.h4 e5 13.h5 Nxh5 14.g4 Qf6 15.gxh5 Qxf3
16.Rh4 Re6 17.Bxg7 Kxg7 18.Qg5 h6 19.Qg1 g5 20.Rg4 Rf6 21.Rd1 Rf4 22.Rxf4 Qxf4
23.Qg3 Re8 24.Ke2 Qf6 25.Qg4 Qe6 26.Qxe6 Rxe6 27.c3 Rf6 28.d4 cxd4 29.cxd4 Rd6
30.d5 cxd5 31.exd5 f5 32.Rc1 Kf6 33.Rc7 g4 34.Rxa7 Rxd5 35.Ra6 Rb5 36.b3 Kg5
37.Kd3 Kxh5 38.Kc4 Ra5 39.Rxb6 Rxa2 40.Rb5 Rxf2 41.Rxe5 g3 42.Re8 g2 43.Rg8 f4
44.Kd4 f3 45.Ke3 Rf1  0-1

[Event "Stockholm Master Open 2012"]
[Site "Stockholm SWE"]
[Date "2012.07.02"]
[Round "7.3"]
[White "Sagit,R"]
[Black "Karlsson,L"]
[Result "1/2-1/2"]
[WhiteElo "2367"]
[BlackElo "2431"]

1.e4 c5 2.Nf3 Nc6 3.Bb5 Nf6 4.d3 Qa5+ 5.Nc3 Nd4 6.Bc4 b5 7.Bb3 Nxb3 8.cxb3 b4
9.Ne2 d5 10.e5 Ng8 11.O-O e6 12.Re1 Ne7 13.Nf4 g6 14.Bd2 Qb6 15.a3 Nc6 16.Rc1 Be7
17.Nh3 h6 18.Kh1 a5 19.Nf4 Bd7 20.h3 Rb8 21.Rb1 Bc8 22.Be3 Ba6 23.d4 bxa3
24.dxc5 Bxc5 25.bxa3 Bxe3 26.Rxe3 O-O 27.Qd2 Kh7 28.Rc1 Rfc8 29.Rec3 d4 30.Rc5 d3
31.R1c3 Ne7 32.Rxc8 Rxc8 33.Rxc8 Nxc8 34.Nxd3 Bb7 35.Qc3 Bxf3 36.gxf3 Ne7
37.b4 axb4 38.Qxb4 Qa7 39.Kh2 g5 40.Kg1 Ng6 41.a4 Kg7 42.Qe4 Qb6 43.Kh2 Qc7
44.Kg1 Qc3 45.Kh2 Qd2 46.Qe3 Qd1 47.f4 Qxa4 48.fxg5 hxg5 49.Qxg5 Qe4 50.Qe3 Qxe3
51.fxe3 Kh6 52.Kg3 Kg5 53.e4 Kh5 54.h4 Nxh4 55.Nf4+ Kg5 56.Nh3+ Kh5 57.Nf4+  1/2-1/2

[Event "40th TCh-GRE 2012"]
[Site "Achaea GRE"]
[Date "2012.07.03"]
[Round "5.9"]
[White "Pambalou,F"]
[Black "Pavlidou,E"]
[Result "0-1"]
[WhiteElo "2098"]
[BlackElo "2224"]

1.e4 c5 2.Nf3 Nc6 3.Bb5 g6 4.Bxc6 dxc6 5.d3 Bg7 6.h3 e5 7.O-O Qe7 8.a3 a5
9.a4 Nf6 10.Nbd2 h6 11.Nc4 Nd7 12.Ra3 O-O 13.Rb3 b5 14.Ne3 c4 15.Ra3 b4 16.Ra1 cxd3
17.cxd3 Nc5 18.Qc2 Rd8 19.Rd1 Ba6 20.Nc4 b3 21.Qe2 Qe6 22.Be3 Nxd3 23.Nxa5 Nb4
24.Qe1 Nc2 25.Qc3 Nxa1 26.Rxa1 Be2 27.Nd2 Rd3 28.Qc5 Bf8 29.Qb6 Rdd8 30.Nb7 Rdb8
31.Nxb3 Qc8 32.N3c5 Bxc5 33.Qxc5 Qxb7 34.Qxe5 Re8 35.Qc3 Rab8 36.Rb1 Qb4
37.Qf6 Re6 38.Qf4 Rd8  0-1

[Event "20th Montcada Open"]
[Site "Montcada i Reixac ESP"]
[Date "2012.07.03"]
[Round "9.10"]
[White "Aroshidze,L"]
[Black "Gonzalez Perez,A"]
[Result "1-0"]
[WhiteElo "2582"]
[BlackElo "2453"]

1.e4 c5 2.Nf3 Nc6 3.Bb5 e6 4.O-O Nge7 5.c3 a6 6.Ba4 b5 7.Bc2 Bb7 8.Qe2 d5
9.e5 d4 10.Be4 Nd5 11.d3 Be7 12.cxd4 cxd4 13.a4 g5 14.axb5 axb5 15.Rxa8 Bxa8
16.Na3 g4 17.Ne1 Bxa3 18.bxa3 Nxe5 19.Bb2 Nf4 20.Qd2 Qg5 21.Bc1 Bxe4 22.dxe4 Neg6
23.Nd3 e5 24.Qb4 Ne2+ 25.Kh1 Qh5 26.Qxb5+ Kf8 27.Nxe5 Nxe5 28.Qxe2 Kg7 29.Bb2 Rd8
30.Rd1 Nc6 31.h3 Kg6 32.Rd3 Qh4 33.e5 Rb8 34.Rg3 h5 35.Qe4+ Kg7 36.Bxd4 Qd8
37.Qxc6 Qxd4 38.Qf6+ Kg8 39.Qg5+ Kf8 40.Qh6+ Kg8 41.Qxh5 Rb1+ 42.Kh2 Qxf2
43.Rxg4+ Kf8 44.Qh6+  1-0

[Event "Mulhouse WIM 2012"]
[Site "Mulhouse FRA"]
[Date "2012.07.03"]
[Round "3.2"]
[White "Neuhauser,S"]
[Black "Nikolova,A"]
[Result "0-1"]
[WhiteElo "2067"]
[BlackElo "2360"]

1.e4 c5 2.Nf3 Nc6 3.Bb5 d6 4.O-O Bd7 5.c3 Nf6 6.Re1 a6 7.Bf1 Bg4 8.d3 e6
9.Nbd2 Be7 10.Nb3 b5 11.d4 c4 12.Nbd2 d5 13.e5 Nd7 14.Be2 O-O 15.Nf1 f6 16.exf6 Bxf6
17.Ne3 Bh5 18.g3 b4 19.Ng2 a5 20.Nf4 Bf7 21.Bf1 Re8 22.Bg2 bxc3 23.bxc3 a4
24.Ba3 Qa5 25.Re3 Rad8 26.Bd6 e5 27.Nxe5 Ndxe5 28.Bxe5 Bxe5 29.dxe5 Rxe5
30.Rxe5 Nxe5 31.Qd4 Nc6 32.Qd2 Qc5 33.Rd1 Ne7 34.Qe2 Qd6 35.Qe3 a3 36.Qa7 h6
37.Ne2 Bh5 38.Re1 Nc6 39.Qa4 Re8 40.Qb5 Rxe2 41.Rxe2 Bxe2 42.Qxd5+ Qxd5 43.Bxd5+ Kf8
44.Bxc6 Bd3 45.Bd5 Ke7 46.f3 Kd6 47.Be4 Bxe4 48.fxe4 Ke5 49.Kf2 Kxe4 50.Ke2 h5
51.h3 g5  0-1

[Event "40th TCh-GRE 2012"]
[Site "Achaea GRE"]
[Date "2012.07.04"]
[Round "6.13"]
[White "Azis,A"]
[Black "Nikolaou,G"]
[Result "1/2-1/2"]
[WhiteElo "2318"]
[BlackElo "2231"]

1.e4 c5 2.Nf3 Nc6 3.Bb5 Qb6 4.Nc3 e6 5.Bxc6 Qxc6 6.d4 cxd4 7.Nxd4 Qc7 8.O-O a6
9.a4 b6 10.Be3 Bb7 11.Qd3 Nf6 12.h3 Bb4 13.f3 O-O 14.Nce2 d5 15.exd5 Nxd5
16.Bf2 Rfd8 17.c3 Bd6 18.c4 Nb4 19.Qc3 Rac8 20.b3 Bc5 21.Rad1 Rd7 22.Nc2 Bxf2+
23.Kxf2 Qc5+ 24.Kg3 Qc7+ 25.Kf2 Nxc2 26.Rxd7 Qxd7 27.Qxc2 Rd8 28.Rc1 h6 29.Qc3 Qc6
30.Qe3 Qd6 31.Rc3 Kf8 32.Nc1 Qd2+ 33.Ne2 Qd6 34.Nc1 Qd2+ 35.Ne2  1/2-1/2

[Event "86th ch-ARG 2012"]
[Site "La Plata ARG"]
[Date "2012.07.04"]
[Round "1.5"]
[White "Ricardi,P"]
[Black "Tokatlian,Gabriel"]
[Result "1-0"]
[WhiteElo "2500"]
[BlackElo "1947"]

1.e4 c5 2.Nf3 Nc6 3.Bb5 Nd4 4.Nxd4 cxd4 5.O-O g6 6.c3 Bg7 7.a4 a6 8.Bc4 Qc7
9.d3 e6 10.cxd4 Bxd4 11.Nc3 d6 12.Kh1 Bd7 13.Bf4 Be5 14.Be3 Bg7 15.Rc1 Qa5
16.f4 Ne7 17.f5 gxf5 18.Bg5 Bc6 19.Qh5 d5 20.exd5 Nxd5 21.Nxd5 Bxd5 22.b4 Bxg2+
23.Kxg2 Qb6 24.Rxf5  1-0

[Event "NIKI Open 2012"]
[Site "Nachod CZE"]
[Date "2012.07.04"]
[Round "5.16"]
[White "Postupa,P1"]
[Black "Peniska,P"]
[Result "1-0"]
[WhiteElo "2038"]
[BlackElo "1923"]

1.e4 c5 2.Nf3 Nc6 3.Bb5 g6 4.O-O Bg7 5.Re1 Nf6 6.c3 O-O 7.d4 cxd4 8.cxd4 d5
9.e5 Ne4 10.Nc3 Nxc3 11.bxc3 e6 12.a4 f6 13.exf6 Bxf6 14.Bh6 Bg7 15.Qd2 Bd7
16.Bxc6 bxc6 17.Ne5 Rf5 18.g4 Rxe5 19.dxe5 Qh4 20.Bf4 Qxg4+ 21.Bg3 Rf8 22.Qd4 Qf5
23.Qxa7 Be8 24.a5 g5 25.Qd4 Bh5 26.a6 Bf3 27.Re3 g4 28.a7 Ra8 29.Qb4 Bf8
30.Qb8  1-0

[Event "35th Barbera Open A"]
[Site "Barbera del Valles ESP"]
[Date "2012.07.05"]
[Round "2.22"]
[White "Guix Torres,D"]
[Black "Perpinya Rofes,L"]
[Result "0-1"]
[WhiteElo "2011"]
[BlackElo "2401"]

1.e4 c5 2.Nf3 Nc6 3.Bb5 e6 4.Bxc6 bxc6 5.O-O Ne7 6.d3 Ng6 7.Nc3 e5 8.Be3 Be7
9.Na4 d6 10.h3 O-O 11.Nd2 f5 12.exf5 Bxf5 13.Ne4 Qd7 14.Qh5 c4 15.Rad1 cxd3
16.cxd3 c5 17.b3 Qc6 18.Rfe1 c4 19.Ng3 Bxd3 20.Nb2 Nh4 21.f3 Bg6 22.Qg4 c3
23.Qc4+ Qxc4 24.Nxc4 Rfd8 25.Rc1 Bf6 26.Na5 d5 27.Nc6 Rd6 28.Nxa7 d4 29.Nb5 Rb6
30.Nc7 Rxa2 31.Nd5 Rxb3  0-1

[Event "86th ch-ARG 2012"]
[Site "La Plata ARG"]
[Date "2012.07.05"]
[Round "2.18"]
[White "Herman,D"]
[Black "Etchevest,Marcelo"]
[Result "1-0"]
[WhiteElo "2193"]
[BlackElo "1726"]

1.e4 c5 2.Nf3 Nc6 3.Bb5 g6 4.O-O Bg7 5.Re1 Nf6 6.e5 Nd5 7.Nc3 Nxc3 8.dxc3 O-O
9.Bg5 a6 10.Bxc6 bxc6 11.Qd2 Re8 12.Qf4 Qb6 13.b3 Bb7 14.Rad1 Rad8 15.Qh4 d5
16.exd6 f6 17.Qc4+ Kf8 18.d7  1-0

[Event "7th Vladimir Dvorkovich Cup"]
[Site "Moscow RUS"]
[Date "2012.07.05"]
[Round "6.10"]
[White "Antipov,M2"]
[Black "Mirzoev,E"]
[Result "1-0"]
[WhiteElo "2433"]
[BlackElo "2223"]

1.e4 c5 2.Nf3 Nc6 3.Bb5 e6 4.O-O Nge7 5.Re1 a6 6.Bf1 Ng6 7.d4 cxd4 8.Nxd4 Qb6
9.Nb3 Be7 10.Nc3 O-O 11.a4 Qc7 12.a5 Bb4 13.Bd2 Rd8 14.Na4 d5 15.Nb6 Rb8
16.exd5 Bxd2 17.Qxd2 Nge7 18.c4 exd5 19.cxd5 Be6 20.Bc4 Ne5 21.Qf4 N7g6 22.Qg3 Bd7
23.h4 h5 24.Bd3 f5 25.Nxd7 f4 26.Qg5 Rxd7 27.Bxg6 Rxd5 28.Qxh5 Qd6 29.Qh7+ Kf8
30.Qh8+ Ke7 31.Qxg7+ Kd8 32.Be4  1-0

[Event "Mulhouse WIM 2012"]
[Site "Mulhouse FRA"]
[Date "2012.07.05"]
[Round "5.1"]
[White "Neuhauser,S"]
[Black "Richard,E"]
[Result "0-1"]
[WhiteElo "2067"]
[BlackElo "2066"]

1.e4 c5 2.Nf3 Nc6 3.Bb5 d6 4.Bxc6+ bxc6 5.O-O e5 6.c3 f5 7.Qa4 Nf6 8.exf5 Bxf5
9.d4 cxd4 10.cxd4 e4 11.Nh4 Bd7 12.f3 d5 13.Bg5 Be7 14.fxe4 dxe4 15.Qc4 Qc8
16.Nc3 Be6 17.Qe2 Qd7 18.Bxf6 Bxf6 19.Nxe4 Qxd4+ 20.Kh1 O-O 21.Rad1 Qc4 22.Nxf6+ Rxf6
23.Qxc4 Bxc4 24.Rxf6 gxf6 25.b3 Bd5 26.Re1 Kf7 27.Nf5 Rd8 28.Re7+ Kg6 29.Ne3 a5
30.Kg1 Bf7 31.h4 f5 32.Re5 Rd2 33.Rxa5 Re2 34.h5+ Kf6 35.Nxf5 Bd5 36.Kf1 Re5
37.g4 Bc4+ 38.bxc4 Rxa5 39.Nd4 Rc5 40.Ke2 Rxc4 41.Kd3 Ra4 42.Nxc6 Rxa2 43.Ke4 Ra4+
44.Kf3 Rc4 45.Na5 Rc5 46.Nb7 Rc3+ 47.Kf4 Rc4+ 48.Kf3 Kg5 49.Nd6 Rf4+ 50.Ke3 Rxg4
51.Ne4+ Kf5 52.Nd6+ Ke5 53.Nf7+ Kf6 54.Nd6 Rh4 55.Ne4+ Kf5 56.Ng3+ Kg4 57.Ne4 Kxh5
58.Kf3 Kg6 59.Ng3 h5  0-1

[Event "11th ROC Nova Open"]
[Site "Haarlem NED"]
[Date "2012.07.06"]
[Round "1.3"]
[White "Van den Doel,E"]
[Black "Agter,F"]
[Result "1/2-1/2"]
[WhiteElo "2571"]
[BlackElo "2118"]

1.e4 c5 2.Nf3 Nc6 3.Bb5 g6 4.Bxc6 dxc6 5.d3 Bg7 6.Nbd2 e5 7.O-O Qe7 8.a3 Nh6
9.b4 cxb4 10.axb4 O-O 11.Nc4 Bg4 12.h3 Bxf3 13.Qxf3 f6 14.Ba3 b6 15.b5 c5
16.Ne3 Nf7 17.Nd5 Qd6 18.h4 Nd8 19.Bb2 Ne6 20.c4 Nc7 21.Ne3 a6 22.bxa6 Nxa6
23.Nd5 Nc7 24.h5 Nxd5 25.exd5 f5 26.Qe2 b5 27.Rfe1 b4 28.h6 Bf6 29.Rxa8 Rxa8
30.Bxe5 Qxe5 31.Qxe5 Bxe5 32.Rxe5 b3 33.Re2 Ra1+ 34.Kh2 Rd1 35.Re8+ Kf7 36.Rb8 Rxd3
37.Rb7+ Kf6 38.Rxh7 Kg5 39.Rc7 Kxh6 40.Rxc5 Rd4 41.Kg3 Kg5 42.Kf3 b2 43.Rb5 Rxc4
44.Rxb2 Rd4 45.Rb5 Kf6 46.Rb6+ Ke5 47.Re6+ Kxd5 48.Rxg6 Ke5 49.Kg3 Ra4 50.Rb6 Rg4+
51.Kh3 Ra4 52.g3 Ra8 53.f4+ Ke4 54.Rb5 Rg8 55.Ra5 Kf3 56.Ra3+ Kf2 57.Kh4 Rg4+
58.Kh5 Kg2 59.Rb3 Kf2  1/2-1/2

[Event "Mulhouse WIM 2012"]
[Site "Mulhouse FRA"]
[Date "2012.07.06"]
[Round "6.1"]
[White "Richard,E"]
[Black "Lam,S"]
[Result "1/2-1/2"]
[WhiteElo "2066"]
[BlackElo "2066"]

1.e4 c5 2.Nf3 Nc6 3.Bb5 g6 4.O-O Bg7 5.c3 Nf6 6.Re1 O-O 7.h3 Ne8 8.d4 cxd4
9.cxd4 Qb6 10.Bxc6 dxc6 11.Nc3 Nc7 12.Na4 Qa5 13.Bd2 Qh5 14.Nc5 Ne6 15.Nxe6 Bxe6
16.Rc1 Qb5 17.b3 a5 18.Rc5 Qb6 19.Be3 Rad8 20.d5 cxd5 21.exd5 Qd6 22.Nd4 Qxc5
23.Nxe6 Qxd5 24.Nxd8 Rxd8 25.Qc1 Be5 26.Qa3 Bd6 27.Qa4 Rc8 28.Qg4 f5 29.Qh4 Bb4
30.Rf1 e5 31.Bh6 Qe6 32.Rd1 Be7 33.Bg5 Bxg5 34.Qxg5 e4 35.Rd8+ Kf7 36.Qd2 Rxd8
37.Qxd8 b6 38.Qc7+ Kg8 39.Kf1 Qf6 40.Qc1 Qd4 41.Kg1 Kg7 42.h4 Qc5 43.Qd2 Kf6
44.g3 Ke5 45.Kg2 Qd5 46.Qe2 Qd3 47.Qb2+ Kd5 48.Qg7 Qf3+ 49.Kg1 Qd1+  1/2-1/2